Fundamental of Philosophy (Record no. 4862)

MARC details
005 - DATE AND TIME OF LATEST TRANSACTION
control field 20250624123815.0
020 ## - INTERNATIONAL STANDARD BOOK NUMBER
International Standard Book Number 0-02-417310x
082 ## - DEWEY DECIMAL CLASSIFICATION NUMBER
Classification number 190STE
100 ## - MAIN ENTRY--PERSONAL NAME
Author name STEWART .D
245 ## - TITLE STATEMENT
Title Fundamental of Philosophy
250 ## - EDITION STATEMENT
Edition statement 2nd Ed,
260 ## - PUBLICATION, DISTRIBUTION, ETC.
Place of publication, distribution, etc. New York,
Name of publisher, distributor, etc. MaCmillan Publishing Company,
Date of publication, distribution, etc. 1982.
300 ## - PHYSICAL DESCRIPTION
Extent xiii, 512p, ill, table, figure and picture
Other physical details Glossary and Index
Dimensions 26cm.
700 ## - ADDED ENTRY--PERSONAL NAME
Other authors/Editors BLOCKER . H. G
942 ## - ADDED ENTRY ELEMENTS (KOHA)
Source of classification or shelving scheme Dewey Decimal Classification
Koha item type Books

No items available.